000 00417nam a22001577a 4500
005 20251108172355.0
008 250721s1967 xx 000 0 eng d
082 1 4 _aT.B/428.24/SYR
245 1 0 _aEnglish for Secondary schools /
264 1 _aDamascus :
_bM. of education,
_c1967.
300 _a3 vol.
650 1 7 _aEnglish language
710 2 _aSyria. Ministry of education
942 _2ddc
_cBK
999 _c77609
_d77609